La ordenación constitucional del medio ambiente (Record no. 150872)

MARC details
000 -LEADER
fixed length control field nam a22 7a 4500
005 - DATE AND TIME OF LATEST TRANSACTION
control field 20190903114800.0
008 - FIXED-LENGTH DATA ELEMENTS--GENERAL INFORMATION
fixed length control field 190903b sp ||||| |||| 00| 0 spa d
020 ## - INTERNATIONAL STANDARD BOOK NUMBER
International Standard Book Number 8481551015
050 04 - LIBRARY OF CONGRESS CALL NUMBER
Classification number KKT3127
Item number E83 1995
100 1# - MAIN ENTRY--PERSONAL NAME
Personal name Escobar Roca, Guillermo.
245 13 - TITLE STATEMENT
Title La ordenación constitucional del medio ambiente
Statement of responsibility, etc / Guillermo Escobar Roca.
250 ## - EDITION STATEMENT
Edition statement 1a ed.
260 ## - PUBLICATION, DISTRIBUTION, ETC. (IMPRINT)
Place of publication, distribution, etc Madrid, España :
Name of publisher, distributor, etc Dykinson,
Date of publication, distribution, etc 1995.
300 ## - PHYSICAL DESCRIPTION
Extent 213 p. ;
Dimensions 24 cm.
504 ## - BIBLIOGRAPHY, ETC. NOTE
Bibliography, etc Bibliografía : p. 199-213.
650 #7 - SUBJECT ADDED ENTRY--TOPICAL TERM
Source of heading or term lemb
Topical term or geographic name as entry element Derecho ambiental
Geographic subdivision España
942 ## - ADDED ENTRY ELEMENTS (KOHA)
Source of classification or shelving scheme Biblioteca del Cogreso de los Estados Unidos
Koha item type Libro
Holdings
Estado de pérdida Fuente de clasificación Estado del daño No para préstamo Ubicación permanente Ubicación actual Apartado o colección Fecha de adquisición Fuente de adquisición Edición Dependencia de educación superior (DES) Área del conocimiento Clasificación Código de Barras Date last seen Número de copia Costo por reposición Tipo de recurso
  Biblioteca del Cogreso de los Estados Unidos     Biblioteca del Posgrado en Derecho Biblioteca del Posgrado en Derecho Colección Ernesto Villanueva 03/09/2019 Donación 1a ed. Derecho Ciencias Sociales y Administrativas KKT3127 E83 1995 BPD000000958 03/09/2019 1 1.00 Libro